[Event "O Pohár mìsta Øíèany 2014 - OPEN A"]
[Site "Øíèany"]
[Date "2014.08.26"]
[Round "5.1"]
[White "Fuskova, Martina"]
[Black "Gregor, Jiri"]
[Result "0-1"]
[WhiteElo "1948"]
[BlackElo "2262"]
[PlyCount "78"]

1. e4 c6 2. d4 d5 3. e5 c5 4. Nf3 Nc6 5. Be3 cxd4 6. Bxd4 Bg4 7. Be2 e6 8. O-O
Nge7 9. Nbd2 Ng6 10. Re1 Qc7 11. h3 Nxd4 12. Nxd4 Bxe2 13. Qxe2 Be7 14. Qb5+
Qd7 15. Qxd7+ Kxd7 16. N2f3 Rhc8 17. Rad1 a6 18. g3 h6 19. Kg2 b5 20. Rd3 Rc7
21. Nd2 Rac8 22. Kf1 Bc5 23. N2b3 Bb6 24. f4 Ne7 25. Red1 b4 26. Nd2 Bxd4 27.
Rxd4 a5 28. Nb3 Rxc2 29. Nxa5 Rxb2 30. Nc4 Rxc4 31. Rxc4 Nf5 32. Rc5 Ne3+ 33.
Ke1 Nxd1 34. Kxd1 Rxa2 35. Rb5 g6 36. g4 Rb2 37. Kc1 Rb3 38. Kc2 Rc3+ 39. Kd2
Rc4 0-1

[Event "O Pohár mìsta Øíèany 2014 - OPEN A"]
[Site "Øíèany"]
[Date "2014.08.26"]
[Round "5.2"]
[White "Vanka, Miloslav"]
[Black "Korsa, Jindrich"]
[Result "1/2-1/2"]
[WhiteElo "2135"]
[BlackElo "2134"]
[PlyCount "81"]

1. d4 g6 2. e4 Bg7 3. Nc3 d6 4. f4 Nf6 5. Nf3 O-O 6. Be2 c5 7. d5 b5 8. e5 Ng4
9. Bxb5 dxe5 10. fxe5 Nxe5 11. Nxe5 Bxe5 12. Bh6 Bg7 13. Bxg7 Kxg7 14. O-O Nd7
15. Qe2 Nf6 16. Bc4 Bf5 17. Rae1 Rb8 18. b3 Rb7 19. h3 h5 20. Rf2 Qd6 21. Qe3
Re8 22. Ref1 Rbb8 23. Rxf5 gxf5 24. Qg5+ Kh8 25. Rxf5 Rg8 26. Qh6+ Nh7 27. Qxd6
exd6 28. Rxf7 Ng5 29. Rxa7 Nxh3+ 30. Kh2 Nf2 31. Rf7 Ng4+ 32. Kh3 Rbe8 33. Bd3
Rg7 34. Rxg7 Kxg7 35. Kh4 Kh6 36. Nb5 Ne3 37. Nxd6 Nxg2+ 38. Kg3 Rg8+ 39. Kh2
Ne3 40. Nf5+ Nxf5 41. Bxf5 1/2-1/2

[Event "O Pohár mìsta Øíèany 2014 - OPEN A"]
[Site "Øíèany"]
[Date "2014.08.26"]
[Round "5.3"]
[White "Kulhanek, Tomas"]
[Black "Vyprachticky, David"]
[Result "0-1"]
[WhiteElo "2333"]
[BlackElo "2121"]
[PlyCount "104"]

1. e4 e5 2. Nf3 Nc6 3. Bb5 a6 4. Ba4 Nf6 5. d3 b5 6. Bb3 Bc5 7. c3 O-O 8. Bg5
h6 9. Bh4 d6 10. Nbd2 Bb6 11. Nf1 g5 12. Bg3 Ne7 13. Ne3 c6 14. h3 Nh5 15. Bh2
Nf4 16. Bxf4 exf4 17. Nc2 Kg7 18. Qd2 d5 19. exd5 Nxd5 20. O-O h5 21. Rfe1 g4
22. Bxd5 cxd5 23. hxg4 hxg4 24. Qxf4 gxf3 25. Qg3+ Kh7 26. Re5 f5 27. Qxf3 Ra7
28. Qh5+ Kg8 29. Rae1 Rh7 30. Qg6+ Rg7 31. Qh5 Qg5 32. Qxg5 Rxg5 33. d4 Bc7 34.
Rxd5 Bb7 35. Rd7 Rxg2+ 36. Kf1 Rg7 37. Rxg7+ Kxg7 38. Re7+ Rf7 39. Rxf7+ Kxf7
40. Ke2 Be4 41. Nb4 a5 42. Nd3 Bd6 43. b3 Bd5 44. Kd2 Kf6 45. f4 Be4 46. Ne5
Bxe5 47. dxe5+ Ke6 48. c4 b4 49. Kc1 Kd7 50. Kb2 Kc6 51. a3 Kc5 52. axb4+ axb4
0-1

[Event "O Pohár mìsta Øíèany 2014 - OPEN A"]
[Site "Øíèany"]
[Date "2014.08.26"]
[Round "5.4"]
[White "Rut, Vojtech"]
[Black "Bednar, Marcel"]
[Result "1-0"]
[WhiteElo "2119"]
[BlackElo "2300"]
[PlyCount "131"]

1. e4 c5 2. Nf3 d6 3. d4 cxd4 4. Nxd4 Nf6 5. Nc3 a6 6. h3 e6 7. g4 d5 8. exd5
Nxd5 9. Nde2 Nxc3 10. Qxd8+ Kxd8 11. Nxc3 Bd7 12. Bg2 Bc6 13. O-O Bd6 14. Ne4
Bxe4 15. Bxe4 Kc7 16. Be3 Nc6 17. h4 Ne5 18. Rfd1 Nc4 19. Bd4 Be5 20. b3 Rad8
21. Bxe5+ Nxe5 22. Kg2 a5 23. f4 Nd7 24. Kf3 Nc5 25. Ke3 h6 26. a4 Rhe8 27.
Rxd8 Rxd8 28. Bf3 f6 29. Rd1 Re8 30. Kd4 b6 31. Re1 Kd6 32. Kc4 e5 33. fxe5+
fxe5 34. Be4 Rf8 35. Rd1+ Kc7 36. Bf5 h5 37. Rg1 Kc6 38. Re1 hxg4 39. Rxe5 g3
40. Be4+ Kc7 41. Bd3 Rf4+ 42. Kd5 Nxd3 43. cxd3 g2 44. Re7+ Kd8 45. Rxg7 Rxh4
46. d4 Rh3 47. Kc4 Rh2 48. d5 Rh4+ 49. Kb5 Rb4+ 50. Kc6 Rxb3 51. Rxg2 Rb4 52.
Rg8+ Ke7 53. d6+ Kf7 54. d7 Kxg8 55. d8=Q+ Kg7 56. Qxb6 Rxa4 57. Qb7+ Kf6 58.
Kb5 Ra2 59. Qf3+ Kg6 60. Qd3+ Kf6 61. Qd4+ Kg6 62. Qe4+ Kf6 63. Qd5 Rc2 64.
Qd4+ Kg5 65. Qe5+ Kh6 66. Qf6+ 1-0

[Event "O Pohár mìsta Øíèany 2014 - OPEN A"]
[Site "Øíèany"]
[Date "2014.08.26"]
[Round "5.5"]
[White "Postupa, Pavel"]
[Black "Starek, Stanislav"]
[Result "1/2-1/2"]
[WhiteElo "2260"]
[BlackElo "2123"]
[PlyCount "38"]

1. e4 d6 2. d4 Nf6 3. Nc3 e5 4. Nf3 Nbd7 5. Be2 Be7 6. g4 O-O 7. Rg1 c6 8. g5
Ne8 9. Be3 b5 10. a3 Bb7 11. Nh4 g6 12. f4 exf4 13. Bxf4 f6 14. Qd2 a5 15. Nf5
b4 16. Nd1 fxg5 17. Bxg5 Bxg5 18. Rxg5 Kh8 19. Ng3 Ng7 1/2-1/2

[Event "O Pohár mìsta Øíèany 2014 - OPEN A"]
[Site "Øíèany"]
[Date "2014.08.26"]
[Round "5.6"]
[White "Petras, Milan"]
[Black "Balacek, Tadeas"]
[Result "0-1"]
[WhiteElo "2046"]
[BlackElo "2237"]
[PlyCount "120"]

1. e4 e6 2. d4 d5 3. Nd2 Be7 4. exd5 exd5 5. Bd3 Nf6 6. Ngf3 O-O 7. O-O Bg4 8.
c3 c5 9. dxc5 Bxc5 10. Nb3 Bb6 11. Bg5 Nc6 12. Re1 Qd6 13. Bc2 Rfe8 14. Qd3 Ne4
15. Rxe4 Rxe4 16. Nfd2 Bc7 17. g3 f5 18. Nxe4 fxe4 19. Qe3 Qg6 20. h4 Rf8 21.
Nd4 h6 22. Nxc6 Qxc6 23. Bf4 Bxf4 24. gxf4 Bf3 25. f5 Rxf5 26. Kf1 Qg6 27. Rc1
Qg2+ 28. Ke1 Bh5 29. Qg3 Qxg3 30. fxg3 Kf7 31. Kd2 Ke6 32. c4 Rf3 33. cxd5+
Kxd5 34. Bb3+ Kd6 35. Rg1 e3+ 36. Ke1 Rf2 37. g4 Bg6 38. Rg3 Rxb2 39. Rxe3 Bb1
40. Re6+ Kd7 41. Re2 Rxe2+ 42. Kxe2 Kd6 43. Ke3 Ke5 44. a3 Be4 45. Ba4 Bd5 46.
Bc2 b6 47. Ba4 Be6 48. Bd1 b5 49. Be2 Bc4 50. Bd1 a5 51. g5 hxg5 52. hxg5 a4
53. Bc2 b4 54. Kd2 b3 55. Bg6 Kd4 56. Be8 Bd3 57. Bxa4 b2 58. Bc2 b1=Q 59. Bxb1
Bxb1 60. a4 Be4 0-1

[Event "O Pohár mìsta Øíèany 2014 - OPEN A"]
[Site "Øíèany"]
[Date "2014.08.26"]
[Round "5.7"]
[White "Cerny, Martin"]
[Black "Pycha, Patrik"]
[Result "1/2-1/2"]
[WhiteElo "2184"]
[BlackElo "2002"]
[PlyCount "108"]

1. d4 d5 2. c4 c6 3. Nf3 Nf6 4. Qc2 e6 5. Bg5 h6 6. Bxf6 Qxf6 7. e3 Bd6 8. Nc3
Nd7 9. Bd3 O-O 10. O-O Qe7 11. Rad1 dxc4 12. Bxc4 b5 13. Bb3 b4 14. Ne4 Bb7 15.
Nxd6 Qxd6 16. Qe4 Rfd8 17. Rd2 Rac8 18. Rfd1 Qf8 19. Ne5 Nf6 20. Qf3 Qe7 21.
Qf4 c5 22. h3 a5 23. dxc5 Rxd2 24. Rxd2 Rxc5 25. Qd4 Rc1+ 26. Kh2 Qc7 27. Qd8+
Kh7 28. Qxc7 Rxc7 29. f3 Bd5 30. Bxd5 Nxd5 31. e4 Nb6 32. b3 Nc8 33. Rd8 f6 34.
Nc4 a4 35. Kg3 axb3 36. axb3 e5 37. h4 Ne7 38. h5 Nc6 39. Re8 Nd4 40. Nd6 Rd7
41. Nc4 Nxb3 42. Rb8 Nc5 43. Ne3 b3 44. Rb5 Rb7 45. Rxb7 Nxb7 46. Nc4 Nc5 47.
Nb2 Ne6 48. Kf2 Nd4 49. g3 Kg8 50. Ke3 Kf7 51. f4 Ke6 52. Nc4 Nb5 53. Kd3 Nd4
54. Ke3 Nb5 1/2-1/2

[Event "O Pohár mìsta Øíèany 2014 - OPEN A"]
[Site "Øíèany"]
[Date "2014.08.26"]
[Round "5.8"]
[White "Moravec, Vit"]
[Black "Skacel, Jan"]
[Result "1-0"]
[WhiteElo "2162"]
[BlackElo "2075"]
[PlyCount "48"]

1. f4 Nf6 2. Nf3 g6 3. d3 Bg7 4. c3 O-O 5. Qc2 d6 6. e4 e5 7. Be2 Nc6 8. fxe5
dxe5 9. Bg5 Qd6 10. Nbd2 Be6 11. Nc4 Bxc4 12. dxc4 Qe6 13. O-O-O h6 14. Be3
Rfd8 15. Nd2 a6 16. b3 Rd7 17. h3 Rad8 18. g4 Nd4 19. cxd4 exd4 20. Bf4 d3 21.
Bxd3 Rxd3 22. e5 g5 23. Nf3 Rxd1+ 24. Rxd1 gxf4 1-0

[Event "O Pohár mìsta Øíèany 2014 - OPEN A"]
[Site "Øíèany"]
[Date "2014.08.26"]
[Round "5.9"]
[White "Hrdina, Robin"]
[Black "Krivanek, Vladimir"]
[Result "1/2-1/2"]
[WhiteElo "2077"]
[BlackElo "2157"]
[PlyCount "62"]

1. c4 f5 2. Nc3 Nf6 3. g3 e5 4. Bg2 Nc6 5. d3 Bc5 6. e3 d6 7. Nf3 O-O 8. O-O
Bb6 9. a3 a5 10. Rb1 Ne7 11. b4 axb4 12. axb4 c6 13. Qb3 Bc7 14. b5 Qe8 15. b6
Bb8 16. Bd2 Qh5 17. Ra1 Rxa1 18. Rxa1 e4 19. Nd4 exd3 20. e4 c5 21. Nxf5 Nxf5
22. exf5 Ng4 23. h3 Qxf5 24. f4 Nf6 25. Nd5 Nxd5 26. Bxd5+ Be6 27. g4 Qf6 28.
Bxe6+ Qxe6 29. Qxd3 d5 30. Qxd5 Qxd5 31. cxd5 Bxf4 1/2-1/2

[Event "O Pohár mìsta Øíèany 2014 - OPEN A"]
[Site "Øíèany"]
[Date "2014.08.26"]
[Round "5.10"]
[White "Svatos, Jan"]
[Black "Dungl, Martin"]
[Result "1-0"]
[WhiteElo "2233"]
[BlackElo "2093"]
[PlyCount "47"]

1. d4 Nf6 2. Bg5 Ne4 3. h4 c5 4. d5 Qb6 5. Nd2 Nxg5 6. hxg5 Qxb2 7. g6 hxg6 8.
Ngf3 e6 9. e4 exd5 10. exd5 d6 11. Bd3 Bf5 12. Qe2+ Be7 13. Rb1 Qxa2 14. Bxf5
gxf5 15. Qe6 Nd7 16. O-O O-O-O 17. Ra1 Qxc2 18. Qxe7 Nb6 19. Rxa7 Rd7 20. Qe3
Kc7 21. Rb1 Rdd8 22. Qe7+ Rd7 23. Rxb7+ Kxb7 24. Qxd7+ 1-0

[Event "O Pohár mìsta Øíèany 2014 - OPEN A"]
[Site "Øíèany"]
[Date "2014.08.26"]
[Round "5.11"]
[White "Havelka, Josef"]
[Black "Vojta, Pavel"]
[Result "1/2-1/2"]
[WhiteElo "2019"]
[BlackElo "2225"]
[PlyCount "53"]

1. d4 Nf6 2. c4 e6 3. Nf3 d5 4. e3 Be7 5. Nbd2 O-O 6. Bd3 c5 7. cxd5 cxd4 8. e4
exd5 9. e5 Nfd7 10. Nb3 Nc6 11. Bf4 Nc5 12. O-O Nxd3 13. Qxd3 Nb4 14. Qd2 d3
15. Nbd4 Bd7 16. a3 Nc2 17. Rac1 Qb6 18. Qxd3 Nxd4 19. Nxd4 Rac8 20. Qd2 Bc5
21. Be3 Qg6 22. Ne2 Bxe3 23. Qxe3 Bb5 24. Rfd1 Bxe2 25. Qxe2 d4 26. Rxc8 Rxc8
27. g3 1/2-1/2

[Event "O Pohár mìsta Øíèany 2014 - OPEN A"]
[Site "Øíèany"]
[Date "2014.08.26"]
[Round "5.12"]
[White "Matejovsky, Ondrej"]
[Black "Kubikova, Hana"]
[Result "1/2-1/2"]
[WhiteElo "2014"]
[BlackElo "2172"]
[PlyCount "71"]

1. e4 c5 2. b3 e6 3. Bb2 Nf6 4. e5 Nd5 5. Nf3 Be7 6. Nc3 O-O 7. Bc4 Nxc3 8.
Bxc3 Nc6 9. Qe2 d5 10. exd6 Qxd6 11. Bd3 Nb4 12. Bxb4 cxb4 13. Ne5 a6 14. O-O
Bf6 15. f4 Bd7 16. Rae1 Rad8 17. Kh1 Bc6 18. Nxc6 bxc6 19. Qe4 a5 20. Rf3 Qd5
21. Qxd5 Rxd5 22. Re4 c5 23. g3 Rfd8 24. Kg2 R5d6 25. Kf1 Ra8 26. Rc4 Rc8 27.
Ke2 Be7 28. Be4 Rcd8 29. Rd3 Rxd3 30. Bxd3 a4 31. Be4 a3 32. c3 Kf8 33. cxb4
cxb4 34. d4 Bd6 35. Ke3 Ke7 36. Bc6 1/2-1/2

[Event "O Pohár mìsta Øíèany 2014 - OPEN A"]
[Site "Øíèany"]
[Date "2014.08.26"]
[Round "5.13"]
[White "Voracek, Zdenek"]
[Black "Kohout, Vratislav"]
[Result "1-0"]
[WhiteElo "2020"]
[BlackElo "2119"]
[PlyCount "111"]

1. d4 d5 2. c4 c6 3. Nc3 Nf6 4. Nf3 dxc4 5. a4 Bg4 6. Ne5 Bh5 7. f3 Nfd7 8.
Nxc4 e5 9. Be3 Bb4 10. g4 Bg6 11. dxe5 O-O 12. Qb3 Na6 13. O-O-O Qe7 14. h4
Nxe5 15. Bg5 Qe6 16. Nd2 Bxc3 17. bxc3 Nc5 18. Qxe6 Nxe6 19. Be7 Rfe8 20. Bd6
f6 21. Bxe5 fxe5 22. e3 Nc5 23. Bc4+ Bf7 24. Bxf7+ Kxf7 25. Nc4 Re6 26. a5 Ke7
27. Kc2 Rf8 28. Rhf1 e4 29. f4 Nd3 30. Ra1 Rd8 31. Rfb1 Rd7 32. Ra4 Nc5 33.
Rab4 Kf6 34. Ne5 Rc7 35. Rd4 Ree7 36. Rc4 Nd7 37. Nxd7+ Rcxd7 38. Rbb4 Rd5 39.
a6 bxa6 40. Rxc6+ Kf7 41. Rcc4 Rd3 42. Rxe4 Rxe3 43. Rxe7+ Rxe7 44. Kd3 Kf6 45.
Rc4 h5 46. Rc6+ Re6 47. g5+ Kf5 48. Rxe6 Kxe6 49. c4 a5 50. c5 a4 51. c6 Kd6
52. f5 Kxc6 53. f6 gxf6 54. g6 a3 55. Kc2 a2 56. Kb2 1-0

[Event "O Pohár mìsta Øíèany 2014 - OPEN A"]
[Site "Øíèany"]
[Date "2014.08.26"]
[Round "5.14"]
[White "Pospisil, Evzen"]
[Black "Kratky, Josef"]
[Result "1-0"]
[WhiteElo "2104"]
[BlackElo "2009"]
[PlyCount "59"]

1. d4 Nf6 2. Nf3 g6 3. g3 Bg7 4. Bg2 O-O 5. c4 d6 6. O-O Nc6 7. Nc3 Bg4 8. h3
Bxf3 9. Bxf3 Nd7 10. e3 e5 11. Bxc6 bxc6 12. b3 exd4 13. exd4 c5 14. Be3 cxd4
15. Bxd4 Ne5 16. Rc1 f5 17. f4 Nf7 18. Bxg7 Kxg7 19. Qd4+ Kg8 20. Nd5 Nh6 21.
Rce1 Rf7 22. Re6 Kf8 23. Qh8+ Ng8 24. Rfe1 c6 25. Ne7 Rxe7 26. Rxe7 Qxe7 27.
Rxe7 Kxe7 28. Qxh7+ Kf6 29. Qb7 Re8 30. Qxc6 1-0

[Event "O Pohár mìsta Øíèany 2014 - OPEN A"]
[Site "Øíèany"]
[Date "2014.08.26"]
[Round "5.15"]
[White "Hradecky, Ivo"]
[Black "Pychova, Nela"]
[Result "1-0"]
[WhiteElo "2090"]
[BlackElo "2006"]
[PlyCount "73"]

1. d4 d5 2. Nc3 c6 3. e4 dxe4 4. f3 e3 5. Bxe3 Bf5 6. Bc4 e6 7. g4 Bg6 8. Nge2
Bd6 9. Nf4 Bxf4 10. Bxf4 Nf6 11. Qe2 h6 12. O-O-O O-O 13. h4 Nd5 14. Bd2 Nxc3
15. Bxc3 b5 16. Bd3 Bxd3 17. Rxd3 Qd5 18. h5 a5 19. Kb1 Na6 20. Re3 Nb4 21. b3
Qd6 22. g5 hxg5 23. Re5 Nd5 24. Bb2 Nf4 25. Qh2 f6 26. h6 Qe7 27. Re4 gxh6 28.
Bc1 Nd5 29. Bd2 Qg7 30. Rxe6 Rfe8 31. Rxc6 Rac8 32. Rxc8 Rxc8 33. Qd6 Ne7 34.
Re1 Qg6 35. Re4 f5 36. Re6 Qh5 37. Rxe7 1-0

[Event "O Pohár mìsta Øíèany 2014 - OPEN A"]
[Site "Øíèany"]
[Date "2014.08.26"]
[Round "5.16"]
[White "Kolasin, Jan"]
[Black "Postupa, Martin"]
[Result "0-1"]
[WhiteElo "2008"]
[BlackElo "2085"]
[PlyCount "96"]

1. e4 e5 2. Nf3 Nc6 3. Bb5 d6 4. d4 exd4 5. Nxd4 Bd7 6. Nc3 g6 7. O-O Bg7 8.
Nxc6 bxc6 9. Bc4 Ne7 10. Bg5 h6 11. Bh4 O-O 12. f4 Qe8 13. Qd3 Nc8 14. Rae1 Nb6
15. Bb3 c5 16. e5 Bf5 17. Qe2 Qc6 18. g4 Bc8 19. Bxf7+ Rxf7 20. e6 Rf8 21. e7
Re8 22. f5 Bb7 23. Qe6+ Kh8 24. Ne4 d5 25. Qf7 Bd4+ 26. Bf2 Rxe7 27. Bxd4+ cxd4
28. Qxe7 dxe4 29. Qe5+ Kg8 30. f6 Rf8 31. f7+ Kh7 32. Rf6 Qd5 33. Qg3 e3 34.
Kf1 Qh1+ 35. Ke2 Qg2+ 36. Qxg2 Bxg2 37. Rf4 c5 38. b4 g5 39. Rf5 c4 40. c3 Be4
41. Ra5 Bd3+ 42. Kd1 Rxf7 43. cxd4 e2+ 44. Kd2 Rd7 45. a3 Nd5 46. Rc5 Nf6 47.
Ra5 Nxg4 48. Ra6 Nxh2 0-1

[Event "O Pohár mìsta Øíèany 2014 - OPEN A"]
[Site "Øíèany"]
[Date "2014.08.26"]
[Round "5.17"]
[White "Lacza, Tibor"]
[Black "Stojkovic, Andreja"]
[Result "1-0"]
[WhiteElo "2067"]
[BlackElo "1970"]
[PlyCount "63"]

1. d4 Nf6 2. c4 c5 3. d5 e6 4. Nc3 exd5 5. cxd5 d6 6. e4 g6 7. h3 Bg7 8. Nf3
O-O 9. Bd3 Qe7 10. O-O Nbd7 11. Bf4 Ne8 12. Qd2 Ne5 13. Nxe5 Bxe5 14. Rae1 Bd7
15. Re2 Rb8 16. a4 Nc7 17. Bh6 Rfe8 18. f4 Bd4+ 19. Kh1 b5 20. e5 Bxc3 21. bxc3
Nxd5 22. f5 dxe5 23. fxg6 hxg6 24. Bxg6 fxg6 25. Qxd5+ Qe6 26. Qxc5 Bc6 27. Kg1
bxa4 28. Ref2 Qd5 29. Qxa7 Rb7 30. Qe3 Rf7 31. Qg5 Rxf2 32. Qxg6+ 1-0

[Event "O Pohár mìsta Øíèany 2014 - OPEN A"]
[Site "Øíèany"]
[Date "2014.08.26"]
[Round "5.18"]
[White "Postupa st., Pavel"]
[Black "Krejci, Martin"]
[Result "0-1"]
[WhiteElo "1981"]
[BlackElo "2059"]
[PlyCount "104"]

1. e4 e5 2. Nf3 Nc6 3. Bb5 a6 4. Ba4 Nf6 5. O-O Be7 6. Re1 b5 7. Bb3 d6 8. c3
O-O 9. h3 Nb8 10. d4 Nbd7 11. Nbd2 Bb7 12. Bc2 Re8 13. Nf1 Bf8 14. Ng3 g6 15.
Nh2 c5 16. d5 c4 17. a4 Nc5 18. Be3 Qc7 19. Qf3 Be7 20. Bg5 Qd8 21. axb5 axb5
22. Rxa8 Bxa8 23. Ra1 Nfd7 24. Bh6 Bf8 25. Ng4 Qh4 26. Qe3 Bxh6 27. Nxh6+ Kf8
28. Ra7 Bb7 29. Ra5 Ba6 30. Kh2 Nf6 31. Bd1 Qf4 32. Ng4 Nxg4+ 33. hxg4 Qxe3 34.
fxe3 Rb8 35. b4 cxb3 36. Bxb3 b4 37. cxb4 Rxb4 38. Bc2 Rb2 39. Ba4 Ra2 40. Rxa6
Nxa6 41. Bd1 Nc5 42. Bf3 Ra1 43. Kh3 Re1 44. Kh2 Rxe3 45. Kg1 Ra3 46. Kh2 Ke7
47. Kh3 h6 48. Kh4 Nd3 49. g5 h5 50. Bxh5 gxh5 51. Nf5+ Kd7 52. Kxh5 Nf2 0-1

[Event "O Pohár mìsta Øíèany 2014 - OPEN A"]
[Site "Øíèany"]
[Date "2014.08.26"]
[Round "5.19"]
[White "Fencl, Pavel"]
[Black "Vavrinec, Tomas"]
[Result "1-0"]
[WhiteElo "1974"]
[BlackElo "2044"]
[PlyCount "87"]

1. c4 e5 2. Nc3 Nf6 3. g3 Nc6 4. Bg2 Bc5 5. e3 O-O 6. Nge2 Re8 7. d3 d6 8. O-O
a6 9. a3 Ba7 10. b4 Qe7 11. Bb2 Bf5 12. Rc1 Qd7 13. Nd5 Nxd5 14. Bxd5 Bh3 15.
Re1 Nd8 16. Nc3 c6 17. Bh1 Ne6 18. Ne4 f5 19. Nd2 f4 20. exf4 exf4 21. Nb3 fxg3
22. hxg3 Rf8 23. d4 Ng5 24. Qh5 h6 25. f4 Bg4 26. Qh4 Nh3+ 27. Kh2 Rae8 28. Be4
Nf2 29. Bg6 Rxe1 30. Rxe1 Be6 31. d5 cxd5 32. Nd4 Bxd4 33. Bxd4 Ne4 34. cxd5
Bf5 35. Rxe4 Bxe4 36. Bxe4 Re8 37. Bd3 Re1 38. Qh5 Qe8 39. Qf5 g6 40. Qf6 Re2+
41. Kh3 Qd7+ 42. g4 Rd2 43. Qh8+ Kf7 44. Bxg6+ 1-0

[Event "O Pohár mìsta Øíèany 2014 - OPEN A"]
[Site "Øíèany"]
[Date "2014.08.26"]
[Round "5.20"]
[White "Simecek, Bohumil"]
[Black "Petr, Jakub"]
[Result "1-0"]
[WhiteElo "2058"]
[BlackElo "1657"]
[PlyCount "119"]

1. d4 Nf6 2. c4 g6 3. Nc3 d5 4. Bf4 Bg7 5. e3 c5 6. dxc5 Qa5 7. Rc1 dxc4 8.
Bxc4 O-O 9. Nf3 Qxc5 10. Bb3 Nc6 11. O-O Qa5 12. Qe2 Nh5 13. Bg3 Nxg3 14. hxg3
Bg4 15. Qc4 Bxf3 16. gxf3 Qh5 17. Kg2 Rac8 18. Qd5 Qxd5 19. Nxd5 Bxb2 20. Rxc6
bxc6 21. Nxe7+ Kg7 22. Nxc8 Rxc8 23. Rd1 Rc7 24. f4 c5 25. Bc4 Bf6 26. Rd5 Kf8
27. g4 h6 28. Kg3 Be7 29. Rd3 Rb7 30. Ra3 Kg7 31. Ra6 Rc7 32. e4 g5 33. e5
gxf4+ 34. Kxf4 Rd7 35. Kf5 Bg5 36. Rd6 Rxd6 37. exd6 Bd8 38. Ke5 Kf8 39. Kd5
Bb6 40. f4 Ke8 41. f5 Kd7 42. Bb5+ Kd8 43. Ke5 c4 44. Bxc4 Ke8 45. Bb5+ Kf8 46.
Kd5 f6 47. Ke6 Bd8 48. a4 a5 49. Bc6 Bb6 50. Kxf6 Bc5 51. Kg6 Bxd6 52. Kxh6 Kf7
53. g5 Bf4 54. Bd5+ Kf8 55. Kg6 Be5 56. f6 Bc3 57. Kf5 Bd2 58. g6 Bh6 59. Kg4
Bg7 60. fxg7+ 1-0

[Event "O Pohár mìsta Øíèany 2014 - OPEN A"]
[Site "Øíèany"]
[Date "2014.08.26"]
[Round "5.21"]
[White "Vecera, Petr"]
[Black "Franek, Jan"]
[Result "1/2-1/2"]
[WhiteElo "2045"]
[BlackElo "1924"]
[PlyCount "52"]

1. e4 e5 2. Nf3 Nc6 3. d4 exd4 4. Bc4 Nf6 5. e5 d5 6. Bb5 Ne4 7. Nxd4 Bd7 8.
Bxc6 bxc6 9. O-O Bc5 10. f3 Ng5 11. f4 Ne4 12. c3 Bb6 13. Be3 Qe7 14. Nd2 Nxd2
15. Qxd2 O-O 16. Rae1 Rfe8 17. Nb3 Bf5 18. Qf2 Bd3 19. Bc5 Bxf1 20. Rxf1 f6 21.
Qd4 fxe5 22. fxe5 Qe6 23. a4 Rad8 24. Re1 Rb8 25. a5 Bxc5 26. Nxc5 Qf5 1/2-1/2

[Event "O Pohár mìsta Øíèany 2014 - OPEN A"]
[Site "Øíèany"]
[Date "2014.08.26"]
[Round "5.22"]
[White "Pavlicek, Petr"]
[Black "Skalicky, Tomas"]
[Result "0-1"]
[WhiteElo "1894"]
[BlackElo "2024"]
[PlyCount "70"]

1. e4 d6 2. d4 Nf6 3. Nc3 e5 4. Nf3 Nbd7 5. Bc4 Be7 6. O-O O-O 7. h3 c6 8. Be3
b5 9. Bd3 Bb7 10. a3 Re8 11. Re1 Bf8 12. Bg5 Qc7 13. Rc1 a6 14. a4 exd4 15. Na2
c5 16. c3 dxc3 17. Nxc3 b4 18. Nd5 Nxd5 19. exd5 Rxe1+ 20. Nxe1 g6 21. b3 Bxd5
22. Bxg6 hxg6 23. Qxd5 Nb6 24. Qe4 Rc8 25. Qh4 Bg7 26. Nf3 Qd7 27. Qf4 Re8 28.
Bh6 Nd5 29. Qd2 Nc3 30. Bxg7 Kxg7 31. Re1 Rxe1+ 32. Qxe1 Qe6 33. Qxe6 fxe6 34.
Nd2 d5 35. f4 Ne2+ 0-1

[Event "O Pohár mìsta Øíèany 2014 - OPEN A"]
[Site "Øíèany"]
[Date "2014.08.26"]
[Round "5.23"]
[White "Skala, Jaromir"]
[Black "Jandl, Vojtech"]
[Result "1/2-1/2"]
[WhiteElo "2006"]
[BlackElo "1881"]
[PlyCount "56"]

1. d4 d5 2. c4 e6 3. Nc3 Nf6 4. Bg5 Be7 5. e3 O-O 6. Nf3 Ne4 7. Bxe7 Qxe7 8.
cxd5 Nxc3 9. bxc3 exd5 10. Be2 Nd7 11. O-O Nf6 12. c4 Bg4 13. Ne5 Bxe2 14. Qxe2
c5 15. Qb2 cxd4 16. exd4 dxc4 17. Nxc4 Rac8 18. Ne3 Rfd8 19. Rfe1 Qd7 20. Rad1
Nd5 21. Nxd5 Qxd5 22. Re7 Rd7 23. Rxd7 Qxd7 24. d5 Qa4 25. Re1 Re8 26. Rc1 Qa5
27. Qe5 Qd8 28. Qd4 Qc7 1/2-1/2

[Event "O Pohár mìsta Øíèany 2014 - OPEN A"]
[Site "Øíèany"]
[Date "2014.08.26"]
[Round "5.24"]
[White "Hurtak, Otto"]
[Black "Konvalinka, Vladislav"]
[Result "1-0"]
[WhiteElo "1995"]
[BlackElo "1860"]
[PlyCount "69"]

1. d4 d5 2. c4 c6 3. cxd5 cxd5 4. Nc3 Nc6 5. Bf4 Nf6 6. e3 a6 7. Bd3 e6 8. Rc1
Be7 9. h3 Qb6 10. Qe2 Qd8 11. Nf3 O-O 12. O-O h6 13. Bb1 Bd6 14. Rfd1 Bxf4 15.
exf4 Qb6 16. Ne5 Nd7 17. Nxc6 Qxc6 18. Ne4 Qb6 19. Nc5 Qd6 20. g3 b6 21. Nxd7
Bxd7 22. Qc2 g6 23. Qc7 Qxc7 24. Rxc7 Rfd8 25. Rdc1 Rac8 26. Bd3 b5 27. Kg2 Kf8
28. Rxd7 Rxc1 29. Rxd8+ Ke7 30. Ra8 Rd1 31. Be2 Rxd4 32. Rxa6 Rd2 33. Bxb5 Rxb2
34. a4 Rb3 35. Kf1 1-0

[Event "O Pohár mìsta Øíèany 2014 - OPEN A"]
[Site "Øíèany"]
[Date "2014.08.26"]
[Round "5.25"]
[White "Koper, Stefan"]
[Black "Prochazka, Petr"]
[Result "1/2-1/2"]
[WhiteElo "1954"]
[BlackElo "1841"]
[PlyCount "71"]

1. d4 d5 2. c4 Nc6 3. Nf3 Bg4 4. e3 e5 5. cxd5 Qxd5 6. Nc3 Bb4 7. Be2 exd4 8.
O-O Bxc3 9. bxc3 d3 10. Qxd3 Qxd3 11. Bxd3 Bxf3 12. gxf3 O-O-O 13. Be2 Nf6 14.
e4 Rhe8 15. Be3 Nd7 16. a4 Re5 17. Bd3 Ra5 18. Bb5 Nce5 19. f4 Ng6 20. f3 f6
21. Kf2 a6 22. Bc4 Nc5 23. Kg3 Nf8 24. Bf7 Rd3 25. Bxc5 Rxc5 26. c4 Rd7 27. Bg8
g6 28. Rfd1 Rg7 29. Rd5 Rxd5 30. Bxd5 c6 31. e5 cxd5 32. cxd5 Rd7 33. e6 Re7
34. f5 Kc7 35. Kf4 Kd6 36. h4 1/2-1/2

[Event "O Pohár mìsta Øíèany 2014 - OPEN A"]
[Site "Øíèany"]
[Date "2014.08.26"]
[Round "5.26"]
[White "Havelka, Jan"]
[Black "Vrtiakova, Anna"]
[Result "1-0"]
[WhiteElo "1891"]
[BlackElo "1954"]
[PlyCount "53"]

1. e4 c5 2. Nc3 Nc6 3. f4 g6 4. Nf3 Bg7 5. Bb5 d6 6. O-O Bd7 7. Bxc6 Bxc6 8. d3
Nf6 9. Qe1 O-O 10. Qh4 e6 11. f5 Nd7 12. Bg5 Bf6 13. Bxf6 Nxf6 14. Ng5 Bd7 15.
e5 Nh5 16. f6 h6 17. Nge4 dxe5 18. g4 Kh7 19. gxh5 g5 20. Qg3 Rg8 21. Qxe5 b6
22. Nd6 Be8 23. Nce4 Qd7 24. Rf2 Rd8 25. a4 a5 26. b3 Kh8 27. Rg2 1-0

[Event "O Pohár mìsta Øíèany 2014 - OPEN A"]
[Site "Øíèany"]
[Date "2014.08.26"]
[Round "5.27"]
[White "Berg, Antonin"]
[Black "Jelinek, Michal"]
[Result "1/2-1/2"]
[WhiteElo "1853"]
[BlackElo "1946"]
[PlyCount "114"]

1. e4 e6 2. d4 d5 3. Nd2 c5 4. exd5 Qxd5 5. Ngf3 cxd4 6. Bc4 Qd6 7. O-O Nc6 8.
Nb3 Nf6 9. Nbxd4 Nxd4 10. Nxd4 a6 11. Re1 Qc7 12. Bb3 Bd7 13. Bg5 Bd6 14. h3
O-O-O 15. c4 Bc6 16. Nf3 Bh2+ 17. Nxh2 Rxd1 18. Raxd1 Ne4 19. Be3 Rd8 20. Nf3
Rxd1 21. Rxd1 b6 22. Bc2 Nf6 23. Nd4 Be4 24. Bxe4 Nxe4 25. Rc1 Kb7 26. b4 e5
27. Nb3 f5 28. c5 b5 29. Na5+ Ka8 30. c6 f4 31. Bb6 Qxb6 32. c7 Qxf2+ 33. Kh1
Nd6 34. Rc6 Nc8 35. Rxa6+ Qa7 36. Rxa7+ Kxa7 37. Nc6+ Kb6 38. Nxe5 Kxc7 39. Kg1
Kd6 40. Nd3 Kd5 41. Nxf4+ Kc4 42. Kf2 Kxb4 43. Ke2 Nd6 44. Kd3 Ka3 45. Kd4 b4
46. Nd3 Nf5+ 47. Kc5 Ne3 48. g4 Nd1 49. h4 Ne3 50. g5 Nf5 51. h5 Ng3 52. g6
hxg6 53. hxg6 Nf5 54. Nxb4 Ne7 55. Nd3 Nxg6 56. Nc1 Nf4 57. Kd4 Ne2+ 1/2-1/2

[Event "O Pohár mìsta Øíèany 2014 - OPEN A"]
[Site "Øíèany"]
[Date "2014.08.26"]
[Round "5.28"]
[White "Tejkal, Jiri"]
[Black "Chromovsky, Hynek"]
[Result "1-0"]
[WhiteElo "1941"]
[BlackElo "1815"]
[PlyCount "69"]

1. d4 Nf6 2. Nf3 e6 3. Bg5 Be7 4. c4 b6 5. Nc3 Bb7 6. Qc2 d6 7. e4 Nbd7 8. Be2
d5 9. cxd5 exd5 10. e5 Ne4 11. Bxe7 Qxe7 12. O-O O-O 13. Bd3 f5 14. exf6 Ndxf6
15. Nd2 Nxd2 16. Qxd2 c5 17. Rfe1 Qd8 18. Bc2 c4 19. f3 Qd7 20. Re5 b5 21. Bf5
Qd8 22. Nxb5 Qb6 23. Nc3 Rfe8 24. Rae1 Rxe5 25. Rxe5 Rb8 26. Re6 Qb4 27. a3 Qa5
28. Re7 Qd8 29. Qe3 Kf8 30. Re5 Ba8 31. Qf2 Qb6 32. Re2 a5 33. Na4 Qc7 34. Nc5
Qf4 35. Ne6+ 1-0